000 00756cam a22002412 4500
001 0000004044
005 20151217145751.0
008 070518s xx 000 0 eng d
020 _a1840780290 :
_cKES 1,100
040 _aKABU
_cKABU
050 0 _aQA76.73
_b.B3A53
100 1 _aAnderson, Tim.
_@0000154393
245 1 0 _aVisual basic in easy steps /
_cTim Anderson.
260 _aWarwickshire :
_bComputer Steps,
_cc1997-2004.
300 _a192 p. :
_bill. ;
_c23 cm.
440 0 _aIn easy steps
_@0000154394
500 _a"The acclaimed guide covering version 6".
500 _aIncludes index.
650 0 _aBASIC (Computer program language)
_@0000072309
908 _a070518
950 _@1
999 _c2409
_d2409